000 00748nam a22002297a 4500
005 2010072205365.0
010 _aENG-97084
020 _c85.00
_a9798188295455
020 _c85.00
_a8188295450
035 _aEN-80617
037 _bDBAD/PUB
082 _a005.2762
100 _aRajam, I. Arul
_91858
245 _aAn introduction to HTML /
_cby I. Arul Rajam
260 _aTamil Nadu
_bNawal Publications
_c2008
270 _bTamil Nadu
_a53, Jaffersha Street, Trichi-8.
300 _a104 p.
_c21 cm (pbk)
700 _91438
700 _91585
942 _2ddc
_cEN
_mRAJ
_h005.2762
999 _c37929
_d37929